Process of research in psychology (Record no. 396737)

MARC details
000 -LEADER
fixed length control field 00507 a2200205 4500
005 - DATE & TIME
control field 20260417122522.0
008 - FIXED-LENGTH DATA ELEMENTS--GENERAL INFORMATION
fixed length control field 260416b |||||||| |||| 00| 0 eng d
020 ## - ISBN
International Standard Book Number 9781071847473
Price $ 169.00
040 ## - CATALOGING SOURCE
Original cataloging agency VIVEKANANDA LIBRARY
082 ## - DDC NUMBER
Classification number 150.72
Book Number M122P(5)
100 ## - MAIN ENTRY--PERSONAL NAME
Personal name McBride, Dawn M
245 ## - TITLE STATEMENT
Title Process of research in psychology
250 ## - EDITION STATEMENT
Edition statement 5th
260 ## - PUBLICATION, DISTRIBUTION, ETC. (IMPRINT)
Name of publisher, distributor, etc Sage
Date of publication, distribution, etc 2024
Place of publication, distribution, etc New Delhi
300 ## - PHYSICAL DESCRIPTION
Pages xxi, 502
650 ## - Subject
Subject Psycholosy
650 ## - Subject
Subject Research Methods
650 ## - Subject
Subject Data Analsis
942 ## - ADDED ENTRY ELEMENTS (KOHA)
Koha item type Books
Holdings
Withdrawn status Lost status Source of classification or shelving scheme Damaged status Not for loan Location (home branch) Sublocation or collection (holding branch) Shelving location Date acquired Koha issues (times borrowed) Koha full call number Accession No. Koha date last seen Koha item type
    Dewey Decimal Classification     VIVEKANANDA LIBRARY VIVEKANANDA LIBRARY Vivekananda Library 25/03/2026   150.72 M122P(5) 438911 25/03/2026 Books
© Designed and Maintained by Vivekananda Library, MDU Rohtak